000 00218nam a2200097Ia 4500
008 170619s9999 xx 000 0 und d
100 _aJindal U C
245 0 _aComputer Organization
260 _bMc Graw Hill
260 _c2002
546 _aENGLISH
999 _c17600
_d17600